The making of an imperial polity : civility and America in the Jacobean metropolis /

"The networks and spaces of information-exchange that fostered expansion come to life in Robert Cecil's testimony at Walter Ralegh's trial for treason in 1603. The jury accused Ralegh of possessing a seditious book written against the sovereignty of kings, one that had been kept from...

Full description

Bibliographic Details
Main Author: Working, Lauren, 1985- (Author)
Corporate Author: Cambridge University Press
Format: eBook
Language:English
Published: Cambridge, United Kingdom ; New York, NY : Cambridge University Press, 2020.
Series:Cambridge studies in early modern British history.
Subjects:
Online Access:Connect to the full text of this electronic book

MARC

Tag First Indicator Second Indicator Subfields
LEADER 00000cam a22000008i 4500
001 in00004771353
006 m o d
007 cr |||||||||||
008 190717s2020 enk ob 001 0 eng
005 20240206230852.2
010 |a  2019028609 
035 |a (OCoLC)on1114281973 
040 |a DLC  |b eng  |e rda  |c DLC  |d OCLCO  |d OCLCF  |d CAMBR  |d OCLCQ  |d HS0  |d EQF  |d K6U  |d OCLCO  |d UKAHL  |d OCLCO  |d OCLCQ  |d OCLCO  |d OCLCA  |d SFB  |d DLC  |d OCLCO 
019 |a 1165244523  |a 1165874399  |a 1166015191 
020 |a 9781108625227  |q (epub) 
020 |a 1108625223 
020 |z 9781108494069  |q (hardback) 
035 |a (OCoLC)1114281973  |z (OCoLC)1165244523  |z (OCoLC)1165874399  |z (OCoLC)1166015191 
042 |a pcc 
043 |a e-uk---  |a n------  |a s------ 
050 0 0 |a DA391 
082 0 0 |a 970.02  |2 23 
049 |a TXAM 
100 1 |a Working, Lauren,  |d 1985-  |e author. 
240 1 0 |a Savagery and the state 
245 1 4 |a The making of an imperial polity :  |b civility and America in the Jacobean metropolis /  |c Lauren Working. 
263 |a 1911 
264 1 |a Cambridge, United Kingdom ;  |a New York, NY :  |b Cambridge University Press,  |c 2020. 
300 |a 1 online resource. 
336 |a text  |b txt  |2 rdacontent 
337 |a computer  |b c  |2 rdamedia 
338 |a online resource  |b cr  |2 rdacarrier 
490 1 |a Cambridge studies in early modern British history 
500 |a Revision of author's thesis (doctoral)--Durham University, 2015, titled Savagery and the state : incivility and America in Jacobean political discourse. 
504 |a Includes bibliographical references and index. 
505 0 |a Cultivation and the American project -- Colony as microcosm : Virginia and the metropolis -- Cannibalism and the politics of bloodshed -- Tobacco, consumption, and imperial intent -- Wit, sociability, and empire. 
520 |a "The networks and spaces of information-exchange that fostered expansion come to life in Robert Cecil's testimony at Walter Ralegh's trial for treason in 1603. The jury accused Ralegh of possessing a seditious book written against the sovereignty of kings, one that had been kept from public view in the private study of the late lord treasurer William Cecil, Lord Burghley. Burghley's son Robert, James' secretary of state, suggested Ralegh may have stolen the book when visiting Burghley's study to consult his cosmographical works. Ralegh often visited their residence on the Strand, Cecil acknowledged. 'Sir Walter desired to search for some Cosmographycall descriptions of the West-Indies which he thought were in his study, and were not to be had in print, which he [Cecil] granted'. Before 'the bonds of his affection had been crackt', Cecil admitted, he had admired Ralegh, and supported his ventures to North America and Guiana"--  |c Provided by publisher. 
588 |a Description based on print version record and CIP data provided by publisher; resource not viewed. 
650 0 |a Indians  |x History  |y 17th century. 
650 0 |a Indians  |x Foreign public opinion, British  |x History  |y 17th century. 
650 0 |a Public opinion  |z Great Britain  |x History  |y 17th century. 
650 0 |a Imperialism  |x Public opinion  |x History  |y 17th century. 
650 0 |a Etiquette  |z England  |x History  |y 17th century. 
651 0 |a Great Britain  |x Politics and government  |y 1603-1625. 
651 0 |a Great Britain  |x Colonies  |z America  |x Public opinion  |x History  |y 17th century. 
651 0 |a Great Britain  |x Colonies  |z America  |x History  |y 17th century. 
651 0 |a Great Britain  |x Civilization  |x American influences. 
651 0 |a Great Britain  |x Civilization  |y 17th century. 
651 0 |a England  |x Social life and customs  |y 17th century. 
650 6 |a Peuples autochtones  |x Histoire  |y 17e siècle. 
650 6 |a Opinion publique  |z Grande-Bretagne  |x Histoire  |y 17e siècle. 
650 6 |a Impérialisme  |x Opinion publique  |x Histoire  |y 17e siècle. 
651 6 |a Grande-Bretagne  |x Politique et gouvernement  |y 1603-1625. 
651 6 |a Grande-Bretagne  |x Colonies  |z Amérique  |x Opinion publique  |x Histoire  |y 17e siècle. 
651 6 |a Grande-Bretagne  |x Colonies  |z Amérique  |x Histoire  |y 17e siècle. 
651 6 |a Grande-Bretagne  |x Civilisation  |y 17e siècle. 
651 6 |a Angleterre  |x Mœurs et coutumes  |y 17e siècle. 
650 7 |a British colonies  |2 fast 
650 7 |a Civilization  |2 fast 
650 7 |a Civilization  |x American influences  |2 fast 
650 7 |a Etiquette  |2 fast 
650 7 |a Imperialism  |x Public opinion  |2 fast 
650 7 |a Indians  |2 fast 
650 7 |a Manners and customs  |2 fast 
650 7 |a Politics and government  |2 fast 
650 7 |a Public opinion  |2 fast 
651 7 |a America  |2 fast 
651 7 |a England  |2 fast 
651 7 |a Great Britain  |2 fast 
648 7 |a 1600-1699  |2 fast 
653 |a early modern British history 
653 |a colonial American history 
655 7 |a Electronic books.  |2 local 
655 7 |a History  |2 fast 
710 2 |a Cambridge University Press. 
776 0 8 |i Print version:  |a Working, Lauren, 1985-  |t The making of an imperial polity  |d Cambridge, United Kingdom ; New York, NY : Cambridge University Press, 2020.  |z 9781108494069  |w (DLC) 2019028608 
830 0 |a Cambridge studies in early modern British history. 
856 4 0 |u https://doi.org/10.1017/9781108625227  |z Connect to the full text of this electronic book  |t 0 
955 |a Cambridge Open Access ebooks 
994 |a 92  |b TXA 
999 f f |s 432de0f3-6b02-47b6-9628-b73bed94781e  |i 17c39da6-46e9-41ca-b4f6-faae83f6de8f  |t 0 
952 f f |a Texas A&M University  |b College Station  |c Electronic Resources  |d Available Online  |t 0  |e DA391   |h Library of Congress classification 
998 f f |a DA391   |t 0  |l Available Online